Technique of the neurologic examination, (Record no. 149)

000 -LEADER
fixed length control field 00950pam a2200313 4500
001 - CONTROL NUMBER
control field 315693
003 - CONTROL NUMBER IDENTIFIER
control field OSt
005 - DATE AND TIME OF LATEST TRANSACTION
control field 20210417102230.0
008 - FIXED-LENGTH DATA ELEMENTS--GENERAL INFORMATION
fixed length control field 740305s1974 nyua b 001 0 eng b
010 ## - LIBRARY OF CONGRESS CONTROL NUMBER
LC control number 74004098
020 ## - INTERNATIONAL STANDARD BOOK NUMBER
International Standard Book Number 0070163510
040 ## - CATALOGING SOURCE
Original cataloging agency DLC
Transcribing agency DLC
Modifying agency DLC
050 00 - LIBRARY OF CONGRESS CALL NUMBER
Classification number RC348
Item number .D44 1974
060 ## - NATIONAL LIBRARY OF MEDICINE CALL NUMBER
Classification number WL18 D389t 1974
080 ## - UNIVERSAL DECIMAL CLASSIFICATION NUMBER
Universal Decimal Classification number 616.8
Item number D-39
082 00 - DEWEY DECIMAL CLASSIFICATION NUMBER
Classification number 616.8/04/75
100 1# - MAIN ENTRY--PERSONAL NAME
Personal name DeMyer, William,
Dates associated with a name 1924-
245 10 - TITLE STATEMENT
Title Technique of the neurologic examination,
Remainder of title a programmed text.
250 ## - EDITION STATEMENT
Edition statement 2d ed.
260 ## - PUBLICATION, DISTRIBUTION, ETC.
Place of publication, distribution, etc. New York,
Name of publisher, distributor, etc. McGraw-Hill
Date of publication, distribution, etc. [1974]
300 ## - PHYSICAL DESCRIPTION
Extent xix, 444 p.
Other physical details illus.
Dimensions 28 cm.
500 ## - GENERAL NOTE
General note "A Blakiston publication."
504 ## - BIBLIOGRAPHY, ETC. NOTE
Bibliography, etc. note Includes bibliographies.
650 #0 - SUBJECT ADDED ENTRY--TOPICAL TERM
Topical term or geographic name entry element Neurologic examination.
650 #2 - SUBJECT ADDED ENTRY--TOPICAL TERM
Topical term or geographic name entry element Neurologic examination
General subdivision Programmed texts.
653 ## - INDEX TERM--UNCONTROLLED
Uncontrolled term ნევროლოგიური გასინჯვა
906 ## - LOCAL DATA ELEMENT F, LDF (RLIN)
a 7
b cbc
c orignew
d 1
e ocip
f 19
g y-gencatlg
942 ## - ADDED ENTRY ELEMENTS (KOHA)
Source of classification or shelving scheme
Koha item type Books
Edition 2
Holdings
Withdrawn status Lost status Source of classification or shelving scheme Damaged status Not for loan Permanent location Current location Date acquired Inventory number Full call number Barcode Date last seen Price effective from Koha item type
          Ken Walker International University Ken Walker International University 11/11/2020 440 616.8 D-39 440 11/11/2020 11/11/2020 Books

Powered by Koha